Safest Countries by GPI - 41 to 60 - Statistics

General Stats
  • This quiz has been taken 15 times
  • The average score is 9 of 20
Answer Stats
Rank Country % Correct
43 South Korea
80%
58 Chile
70%
53 Indonesia
70%
50 Uruguay
70%
54 Argentina
60%
60 Greece
60%
41 Vietnam
60%
46 Laos
50%
44 Mongolia
50%
48 Oman
50%
49 Timor-Leste
50%
42 Botswana
40%
45 Montenegro
40%
56 Namibia
40%
59 Gambia
30%
57 Moldova
30%
51 Ghana
20%
52 Senegal
10%
47 Sierra Leone
10%
55 Madagascar
0%
No matching quizzes found
Score Distribution
Percent of People with Each Score
Percentile by Number Answered
Your Score History
You have not taken this quiz